000 03089nkm0a2200505 4500
001 RU\NLR\BIBL_A\011793877
005 20260408120122.0
020 _aRU
_b44-2393 (вып. 1944, N 3-4)
_9Летопись изоизданий / ВКП. - Москва, 1948. - Вып. 1944, N 3-4
035 _a(NLR Aleph) 011793877
071 5 0 _d50 к.
090 _a13418445
_c13418445
100 _a20180917d1944 u y0rusy50 ca
101 0 _arus
102 _aRU
116 _aiiycxx bi ae
135 _acrcn 024anaba
200 1 _aС Новым годом! С новыми победами!
_bИзоматериал
_eоткрытое письмо
_fхуд.: П. Григорьянц
210 _a[Ленинград]
_cЛССХ
_d1944
_gПол.-маст. ЛССХ
215 _a1 л.
_cцв. литогр.
_d14,9х10,6
300 _aЦенз. разрешение: М04036
300 _aВ вып. дан.: Зак. № 76
325 _aКопия доступна в Электрон. б-ке РНБ
327 0 _aСпасская башня Московского Кремля и кремлевская стена на фоне звездного неба и огней фейерверка
606 1 _aПочтовые открытки маркированные художественные
_yСССР
_z1941 - 1945
_92592287
_3RU\NLR\AUTH\661531868
610 1 _aПоздравительные открытки
610 1 _aНовогодние открытки
617 _aСССР
_bРСФСР
_cМосковская область
_dМосква, город
_eКремль
_eСпасская башня
686 1 _aЩ153(2)7-489
700 1 _4040
_aГригорьянц
_bП. П.
_cхудожник
_f1899-1986
_gПатвакан Петросович
_9127223
_3RU\NLR\AUTH\770127247
712 0 2 _4650
_aЛенинградский союз художников
_3RU\NLR\AUTH\889984698
_9465060
712 0 2 _4610
_aЛенинградский союз художников
_bПолиграфическая мастерская
_3RU\NLR\AUTH\880384830
_9435978
830 _aСражающийся Ленинград. Почтовая открытка = Postcard. Leningrad in strugle : энциклопедический каталог / А.Д. Гдалин, М.Р. Иванова ; [Союз проф. литераторов России и др.]. - Санкт-Петербург : Инфо-Да, 2007. - № 561 (с. 108, 214). А.Я. ОЭст
852 0 0 _aNLR
_bЭ
_jОИр702,1-3/1944-Г
_mЭот99535
856 0 _uhttp://vivaldi.nlr.ru/lo000071857/view
856 1 _uhttp://vivaldi.nlr.ru/lo000071857/cover
856 2 _uhttp://vivaldi.nlr.ru/lo000071857/text
942 _cVISUAL
945 _aРоссийская национальная библиотека
980 _aNB
980 _aBV
981 1 7 _a(17) Изографические материалы
_b(17) Открытки